Nghiên cứu địa bạ triều Nguyễn: An Giang (An Giang, Cần Thơ, Sóc Trăng, một phần Đồng Tháp)
Đã lưu trong:
| Hovedforfatter: | |
|---|---|
| Format: | Bog |
| Sprog: | Undetermined |
| Udgivet: |
Tp. HCM
Nxb. Tp. HCM
1994
|
| Fag: | |
| Tags: |
Tilføj Tag
Ingen Tags, Vær først til at tagge denne postø!
|
| Thư viện lưu trữ: | Trung tâm Học liệu Trường Đại học Cần Thơ |
|---|
| LEADER | 00580nam a2200169Ia 4500 | ||
|---|---|---|---|
| 001 | CTU_10347 | ||
| 008 | 210402s9999 xx 000 0 und d | ||
| 082 | |a 915.97 | ||
| 082 | |b Đ125a | ||
| 100 | |a Nguyễn Đình Đầu | ||
| 245 | 0 | |a Nghiên cứu địa bạ triều Nguyễn: An Giang (An Giang, Cần Thơ, Sóc Trăng, một phần Đồng Tháp) | |
| 245 | 0 | |c Nguyễn Đình Đầu | |
| 260 | |a Tp. HCM | ||
| 260 | |b Nxb. Tp. HCM | ||
| 260 | |c 1994 | ||
| 650 | |a vietnam - geography | ||
| 980 | |a Trung tâm Học liệu Trường Đại học Cần Thơ | ||